00431nam a2200121Ia 4500008004100000245007100041245003700112260000900149650001100158856004800169999001900217952007300236171211s9999 xx 000 0 und d 4aThe Trendmakers : Behind the Scenes of the Global Fashion Industry cJenny Lantz and Joanne B. Eicher c2016 xDesign uhttp://down.ebook777.com/064/0240519817.pdf c347886d347886 001040aCLbCLd2017-12-11l0r2017-12-11 00:00:00w2017-12-11yCBE